000
00326nam a22001457a 4500
003
SGT
020
_a
9788123749761
082
_a
923.154
_b
I12M
100
_a
MALHOTRA, INDER
245
_a
INDIRA GANDHI
260
_a
INDIA
_b
NATIONAL BOOK TRUST
_c
2012
300
_a
187
650
_a
PRIME MINISTER OF INDIA
942
_2
ddc
_c
BK
999
_c
25868
_d
25868